Pays insulaires d'Asie - Statistiques

Statistiques générales
  • Ce quiz a été pris 247 fois
  • Le résultat moyen est 9 sur 11
Statistiques - réponses
Pays % Correct
Indonésie
95%
Japon
94%
Sri Lanka
92%
Taïwan
91%
Philippines
89%
Maldives
84%
Singapour
83%
Brunei
82%
Timor oriental
77%
Chypre
70%
Bahreïn
66%
Aucun quiz correspondant
Distribution des résultats
% des personnes avec chaque résultat
Percentile par nombre de réponses
Votre historique - résultats
Vous n’avez pas pris ce quiz